000
00288nam a22000977a 4500
008
171113b xxu||||| |||| 00| 0 eng d
100
_a
Stanley Gibbons
245
_a
Stanley Gibbons' colour guide for stamp collectors
260
_a
London
_b
Stanley Gibbons
_c
19??
650
_a
Color Guides | Color
999
_c
2548
_d
2548